Taller de conservación de la danta de montaña (Tapirus pinchaque) (Registro nro. 7266)

Detalles MARC
000 -CABECERA
Campo de control 00981nam a2200289 a 4500
005 - FECHA Y HORA DE LA ULTIMA TRANSACCION
Campo de control 20160109063722.0
008 - ELEMENTOS DE LONGITUD FIJA—INFORMACION GENERAL
Campo de control 160109b2004 ck ||||| |||| 00| 0 spa d
040 ## - FUENTE DE CATALOGACIÓN
Agencia catalogadora original CO-BoIAVH
Agencia transcriptora CO-BoIAVH
041 ## - IDIOMA
Código de idioma para texto/pista de sonido o título separado Español
090 ## - CLASIFICACIÓN LOCAL
Colección LB
Consecutivo 05728
111 1# - ASIENTO PRINCIPAL--NOMBRE DE REUNION
Nombre de reunión o de jurisdicción como elemento de entrada Taller de Conservación de la danta de montaña (Tapirus pinchaque)
Lugar de la reunión Pereira
Fecha de la reunión octubre 12-15, 2004
9 (RLIN) 49016
245 10 - MENCION DE TITULO
Título Taller de conservación de la danta de montaña (Tapirus pinchaque)
Parte restante del título reporte final
260 ## - PUBLICACION, DISTRIBUCION, ETC. (PIE DE IMPRENTA)
Lugar de publicación, distribución, etc. Pereira:
Nombre del editor, distribuidor, etc. CBSG,
Fecha de publicación, distribución, etc. 2004,
300 ## - DESCRIPCION FISICA
Extensión 131 páginas.
650 14 - ASIENTO SECUNDARIO DE MATERIA - TERMINO TEMATICO
Término temático o nombre geográfico como elemento de entrada Danta
Subdivisión general Conservación
9 (RLIN) 49017
650 14 - ASIENTO SECUNDARIO DE MATERIA - TERMINO TEMATICO
Término temático o nombre geográfico como elemento de entrada Tapirus
9 (RLIN) 49018
650 14 - ASIENTO SECUNDARIO DE MATERIA - TERMINO TEMATICO
Término temático o nombre geográfico como elemento de entrada Danta de montaña
9 (RLIN) 5059
651 ## - ASIENTO SECUNDARIO DE MATERIA - NOMBRE GEOGRAFICO
Nombre geográfico Colombia
Subdivisión geográfica Quindío
-- Santuario de Flora y Fauna Otún Quimbaya
9 (RLIN) 49019
700 1# - ASIENTO SECUNDARIO - NOMBRE PERSONAL
Nombre personal Lizcano, D. J.
9 (RLIN) 49020
700 1# - ASIENTO SECUNDARIO - NOMBRE PERSONAL
Nombre personal Medici, P.
9 (RLIN) 49021
700 1# - ASIENTO SECUNDARIO - NOMBRE PERSONAL
Nombre personal Montenegro, O.
9 (RLIN) 49022
700 1# - ASIENTO SECUNDARIO - NOMBRE PERSONAL
Nombre personal Carrillo, L.
9 (RLIN) 49023
700 1# - ASIENTO SECUNDARIO - NOMBRE PERSONAL
Nombre personal Camacho, A.
9 (RLIN) 49024
700 1# - ASIENTO SECUNDARIO - NOMBRE PERSONAL
Nombre personal Miller, P. S.
9 (RLIN) 49025
942 ## - ELEMENTOS ADICIONALES (KOHA)
Tipo de ítem Informe Técnico
Sistema de clasificación Local
945 ## - PROCESAMIENTO LOCAL
AAAA-MM-DD - Fecha de ingreso o modificacion 2010-02-10
Existencias
Withdrawn status Lost status Sistema de Clasificación Damaged status No para préstamo Colección Inventariado Ubicación Permanente Ubicación actual Fecha de adquisición Total Checkouts Número topográfico Inventario / Código de Barras Date last seen Ejemplar Price effective from Forma de adquisición Tipo de material
    Local     General Inventariado 2017 Bogotá Bogotá 16/02/2010   LB-05728 027901 04/12/2012 Ej.1 04/12/2012   Informe Técnico